| 000 | 00398nam a22001337a 4500 | ||
|---|---|---|---|
| 008 | 230623b xxu||||| |||| 00| 0 eng d | ||
| 020 | _a9966900853 | ||
| 082 |
_a330. _bMBE 1997 |
||
| 245 | _aEuropean Economic Integration and the Franc Zone:The Future of the CFA Franc After 1999 Part II | ||
| 260 |
_bAfrican Economic Research Consortium _c1997 |
||
| 300 | _a34p | ||
| 440 | _n19 | ||
| 942 |
_2ddc _cBK |
||
| 999 |
_c2408 _d2408 |
||